Attracting Investors to African Public-Private Partnerships : (Record no. 15025)
[ view plain ]
| 000 -LEADER | |
|---|---|
| fixed length control field | 01803cam a2200385 a 4500 |
| 001 - CONTROL NUMBER | |
| control field | 15423586 |
| 005 - DATE AND TIME OF LATEST TRANSACTION | |
| control field | 20090901073353.0 |
| 008 - FIXED-LENGTH DATA ELEMENTS--GENERAL INFORMATION | |
| fixed length control field | 080822s2009 dcua | b i001 0deng d |
| 010 ## - LIBRARY OF CONGRESS CONTROL NUMBER | |
| LC control number | 2008037292 |
| 020 ## - INTERNATIONAL STANDARD BOOK NUMBER | |
| International Standard Book Number | 9780821377307 |
| 020 ## - INTERNATIONAL STANDARD BOOK NUMBER | |
| International Standard Book Number | 0821377302 |
| 020 ## - INTERNATIONAL STANDARD BOOK NUMBER | |
| International Standard Book Number | 9780821377314 (electronic) |
| 020 ## - INTERNATIONAL STANDARD BOOK NUMBER | |
| International Standard Book Number | 0821377310 (electronic) |
| 035 ## - SYSTEM CONTROL NUMBER | |
| System control number | (OCoLC)ocn244476597 |
| 035 ## - SYSTEM CONTROL NUMBER | |
| System control number | (OCoLC)244476597 |
| 040 ## - CATALOGING SOURCE | |
| Original cataloging agency | DLC |
| Transcribing agency | DLC |
| Modifying agency | YDXCP |
| -- | BTCTA |
| -- | C#P |
| -- | BWX |
| -- | CDX |
| -- | DLC |
| 043 ## - GEOGRAPHIC AREA CODE | |
| Geographic area code | f------ |
| 050 00 - LIBRARY OF CONGRESS CALL NUMBER | |
| Classification number | HD4338 |
| Item number | .A77 2009 |
| 082 00 - DEWEY DECIMAL CLASSIFICATION NUMBER | |
| Classification number | 658.15224 |
| Edition number | 22 |
| Item number | ATT |
| 245 00 - TITLE STATEMENT | |
| Title | Attracting Investors to African Public-Private Partnerships : |
| Remainder of title | A Project Preparation Guide/ |
| 260 ## - PUBLICATION, DISTRIBUTION, ETC. (IMPRINT) | |
| Place of publication, distribution, etc | Washington, DC : |
| Name of publisher, distributor, etc | World Bank ; |
| Place of publication, distribution, etc | [Tunisia] : |
| Name of publisher, distributor, etc | Infrastructure Consortium for Africa ; |
| Place of publication, distribution, etc | [Washington, D.C.] : |
| Name of publisher, distributor, etc | Public-Private Infrastructure Advisory Facility, |
| Date of publication, distribution, etc | c2009. |
| 300 ## - PHYSICAL DESCRIPTION | |
| Extent | xii, 111 p. : |
| Other physical details | col. ill. ; |
| Dimensions | 23 cm. |
| 504 ## - BIBLIOGRAPHY, ETC. NOTE | |
| Bibliography, etc | Includes bibliographical references (p. 103-104) and index. |
| 650 #0 - SUBJECT ADDED ENTRY--TOPICAL TERM | |
| Topical term or geographic name as entry element | Public works |
| Geographic subdivision | Africa |
| General subdivision | Finance. |
| 9 (RLIN) | 22622 |
| 650 #0 - SUBJECT ADDED ENTRY--TOPICAL TERM | |
| Topical term or geographic name as entry element | Infrastructure (Economics) |
| Geographic subdivision | Africa. |
| 9 (RLIN) | 22623 |
| 650 #0 - SUBJECT ADDED ENTRY--TOPICAL TERM | |
| Topical term or geographic name as entry element | Public-private sector cooperation |
| Geographic subdivision | Africa. |
| 9 (RLIN) | 22624 |
| 650 #0 - SUBJECT ADDED ENTRY--TOPICAL TERM | |
| Topical term or geographic name as entry element | Investments, Foreign |
| Geographic subdivision | Africa. |
| 9 (RLIN) | 22625 |
| 710 2# - ADDED ENTRY--CORPORATE NAME | |
| Corporate name or jurisdiction name as entry element | World Bank. |
| 9 (RLIN) | 22626 |
| 710 2# - ADDED ENTRY--CORPORATE NAME | |
| Corporate name or jurisdiction name as entry element | Infrastructure Consortium for Africa. |
| 9 (RLIN) | 22627 |
| 710 2# - ADDED ENTRY--CORPORATE NAME | |
| Corporate name or jurisdiction name as entry element | Public-Private Infrastructure Advisory Facility. |
| 9 (RLIN) | 22628 |
| 856 41 - ELECTRONIC LOCATION AND ACCESS | |
| Materials specified | Table of contents only |
| Uniform Resource Identifier | <a href="http://www.loc.gov/catdir/toc/ecip0826/2008037292.html">http://www.loc.gov/catdir/toc/ecip0826/2008037292.html</a> |
| 942 ## - ADDED ENTRY ELEMENTS (KOHA) | |
| Source of classification or shelving scheme | Dewey Decimal Classification |
| Item type | Book - Borrowing |
| Withdrawn status | Item status | Source of classification or shelving scheme | Damaged status | Not for loan | Vendor | Home library | Current library | Shelving location | Date acquired | Source of acquisition | Total Checkouts | Total Renewals | Full call number | Barcode | Date last seen | Date last borrowed | Koha item type |
|---|---|---|---|---|---|---|---|---|---|---|---|---|---|---|---|---|---|
| Dewey Decimal Classification | Baccah | Central Library | Central Library | First floor | 17/03/2011 | 7 | 34 | 658.15224 ATT | 000022890 | 15/07/2025 | 21/07/2019 | Book - Borrowing |